Effective speaking and presentation for the company executive

Bibliographic Details
Main Author: Goodworth, Clive T.
Format: Book
Published: London : Business Books , 1982
Subjects:

MARC

LEADER 00000cam a2200000 7i4500
001 0000001742
005 20030122.0
020 |a 0220670285 (cased), 0220670315 (limp) 
040 |a INS 
090 0 0 |a HD30.3.   |b G66 1982 
100 1 |a Goodworth, Clive T. 
245 1 0 |a Effective speaking and presentation for the company executive   |c Clive T. Goodworth 
260 |a London :   |b Business Books ,   |c 1982 
300 |a ix, 201p. ;   |c 24 cm. 
650 0 0 |a Executive ability 
650 0 0 |a Executives 
650 0 0 |a Public speaking 
999 |a 0000001248   |b BOOK   |c Open Shelf   |e Default branch